000
00301nam a22001097a 4500
999
_c
167415
_d
167415
082
_a
_b
100
_a
Prabhaz Chandra Misra
245
_a
Palinikayom mein pacheen bharath ki samajik avam aashirk swasthayom/
_c
by Prabhaz Chandra Misra.
260
_a
New Delhi:
_b
Nag,
_c
650
_a
942
_c
BK